| 000 | 00944nas a2200313 4500 | ||
|---|---|---|---|
| 001 | BR0701649 | ||
| 003 | BR-BrBNA | ||
| 005 | 20231205110654.0 | ||
| 007 | ta | ||
| 008 | 230509b bl.|||p| |||| 00| 00por d | ||
| 040 |
_aBR-BrBNA _bpor _cBiblioteca Nacional de Agricultura |
||
| 041 | _a(Pt) | ||
| 072 | _aF02 | ||
| 100 | 1 | _aPio, R. | |
| 100 | 1 | _aDall'Orto, F.A.C. | |
| 100 | 1 | _aAlvarenga, A.A. | |
| 100 | 1 | _aAbrahão, E. | |
| 100 | 1 | _aSignorini, G. | |
| 100 | 1 | _aChagas, E.A. | |
| 245 | 1 | _aEnraizamento de estacas juvenis do marmeleiro japonês estratificadas a frio e tratadas com AIB | |
| 650 | _aMARMELO | ||
| 650 | _aENRAIZAMENTO DE ESTACA | ||
| 650 | _aPROPAGAÇÃO VEGETATIVA | ||
| 650 | _aÁCIDO INDOLBUTÍRICO | ||
| 650 | _aESTACA | ||
| 773 | 0 |
_tCiência e Agrotecnologia (Brazil) _xISSN 1413-7054 _g(Jan-Feb 2007), v. 31(1) p. 71-74 _wBR0701649 |
|
| 909 |
_a202311 _bLúcia _c55 _dLúcia Elande |
||
| 942 |
_2AGRIS _n0 _cANA |
||
| 999 |
_c188467 _d188467 |
||